000 00822nas a2200265 4500
001 BR8001220
003 BR-BrBNA
005 20231205084203.0
007 ta
008 230509b bl.|||p| |||| 00| 00por d
040 _aBR-BrBNA
_bpor
_cBiblioteca Nacional de Agricultura
041 _a(Pt)
072 _aE70; K10; U10
100 1 _aGomes, L.F.A.M.
245 1 _aOtimizacao de uma rede de transportes para a extracao de madeira
246 1 _aTransportation network optimization for timber extraction
650 _aComercializacao
650 _aProducao florestal
650 _aMatematica
650 _aMadeira
650 _aTransporte
773 0 _tCiencia e Cultura (Brazil)
_xISSN 0009-6725
_g(Jun 1980), v. 32(6) p. 761-768
_wBR8001220
909 _a202311
_bLúcia
_c55
_dLúcia Elande
942 _2AGRIS
_n0
_cANA
999 _c103659
_d103659